00546nam a2200157Ia 4500008004000000082001600040100001700056245005700073260004200130300001100172650002800183690001200211906001100223999001700234952013700251210210b1970 xxu||||| |||| 00| 0 eng d a617.95 CALG aCALNE (Roy). aGift of life: observations on organ transplantation. aBombay.bAsia Publishing House,c1970 axv,117 aOrgan Transplantation  aSurgery a028356 c79605d79605 001040708medical scienceaALbALcmedical scienced2021-02-17g32.00l0o617.95 CALGp028356r2021-02-17 00:00:00w2021-02-17yBK